<?xml version="1.0" encoding="UTF-8"?>
<collection xmlns="http://www.loc.gov/MARC21/slim">
 <record>
  <leader>01657nam a22002417a 4500</leader>
  <controlfield tag="001">NCT_4_014908</controlfield>
  <controlfield tag="008">241127b        xxu||||| |||| 00| 0 vie d</controlfield>
  <datafield tag="999" ind1=" " ind2=" ">
   <subfield code="c">8708</subfield>
   <subfield code="d">8708</subfield>
  </datafield>
  <datafield tag="020" ind1=" " ind2=" ">
   <subfield code="a">9786045780855</subfield>
   <subfield code="c">30000</subfield>
  </datafield>
  <datafield tag="082" ind1="0" ind2="4">
   <subfield code="2">23rd ed.</subfield>
   <subfield code="a">172.1</subfield>
   <subfield code="b">M312</subfield>
  </datafield>
  <datafield tag="100" ind1="1" ind2=" ">
   <subfield code="a">Hồ Chí Minh</subfield>
  </datafield>
  <datafield tag="245" ind1="1" ind2="0">
   <subfield code="a">Nâng cao đạo đức cách mạng, quét sạch chủ nghĩa cá nhân</subfield>
   <subfield code="c">Hồ Chí Minh</subfield>
  </datafield>
  <datafield tag="260" ind1=" " ind2=" ">
   <subfield code="a">H.</subfield>
   <subfield code="b">Chính trị Quốc gia Sự thật</subfield>
   <subfield code="c">2022</subfield>
  </datafield>
  <datafield tag="300" ind1=" " ind2=" ">
   <subfield code="a">143 tr. </subfield>
   <subfield code="c">15 cm</subfield>
  </datafield>
  <datafield tag="520" ind1="3" ind2=" ">
   <subfield code="a">Cuốn sách gồm 7 bài viết của Chủ tịch Hồ Chí Minh về đạo đức cách mạng, chống chủ nghĩa cá nhân, đâu tranh phòng ngừa, gột rửa chủ nghĩa cá nhân trong đội ngũ cán bộ, đảng viên.</subfield>
  </datafield>
  <datafield tag="653" ind1=" " ind2=" ">
   <subfield code="a">Kinh tế chính trị</subfield>
  </datafield>
  <datafield tag="942" ind1=" " ind2=" ">
   <subfield code="2">ddc</subfield>
   <subfield code="c">BK</subfield>
  </datafield>
  <datafield tag="952" ind1=" " ind2=" ">
   <subfield code="0">0</subfield>
   <subfield code="1">0</subfield>
   <subfield code="2">ddc</subfield>
   <subfield code="4">0</subfield>
   <subfield code="6">172_100000000000000_M312</subfield>
   <subfield code="7">0</subfield>
   <subfield code="9">29899</subfield>
   <subfield code="a">000001</subfield>
   <subfield code="b">000001</subfield>
   <subfield code="d">2024-11-27</subfield>
   <subfield code="o">172.1 M312</subfield>
   <subfield code="p">MD.23094</subfield>
   <subfield code="r">2024-11-27</subfield>
   <subfield code="v">30000.00</subfield>
   <subfield code="w">2024-11-27</subfield>
   <subfield code="y">BK</subfield>
  </datafield>
  <datafield tag="952" ind1=" " ind2=" ">
   <subfield code="0">0</subfield>
   <subfield code="1">0</subfield>
   <subfield code="2">ddc</subfield>
   <subfield code="4">0</subfield>
   <subfield code="6">172_100000000000000_M312</subfield>
   <subfield code="7">0</subfield>
   <subfield code="9">29900</subfield>
   <subfield code="a">000001</subfield>
   <subfield code="b">000001</subfield>
   <subfield code="d">2024-11-27</subfield>
   <subfield code="o">172.1 M312</subfield>
   <subfield code="p">MD.23095</subfield>
   <subfield code="r">2024-11-27</subfield>
   <subfield code="v">30000.00</subfield>
   <subfield code="w">2024-11-27</subfield>
   <subfield code="y">BK</subfield>
  </datafield>
  <datafield tag="952" ind1=" " ind2=" ">
   <subfield code="0">0</subfield>
   <subfield code="1">0</subfield>
   <subfield code="2">ddc</subfield>
   <subfield code="4">0</subfield>
   <subfield code="6">172_100000000000000_M312</subfield>
   <subfield code="7">0</subfield>
   <subfield code="9">29901</subfield>
   <subfield code="a">000001</subfield>
   <subfield code="b">000001</subfield>
   <subfield code="d">2024-11-27</subfield>
   <subfield code="o">172.1 M312</subfield>
   <subfield code="p">MD.23096</subfield>
   <subfield code="r">2024-11-27</subfield>
   <subfield code="v">30000.00</subfield>
   <subfield code="w">2024-11-27</subfield>
   <subfield code="y">BK</subfield>
  </datafield>
  <datafield tag="952" ind1=" " ind2=" ">
   <subfield code="0">0</subfield>
   <subfield code="1">0</subfield>
   <subfield code="2">ddc</subfield>
   <subfield code="4">0</subfield>
   <subfield code="6">172_100000000000000_M312</subfield>
   <subfield code="7">0</subfield>
   <subfield code="9">29902</subfield>
   <subfield code="a">000001</subfield>
   <subfield code="b">000001</subfield>
   <subfield code="d">2024-11-27</subfield>
   <subfield code="o">172.1 M312</subfield>
   <subfield code="p">MD.23097</subfield>
   <subfield code="r">2024-11-27</subfield>
   <subfield code="v">30000.00</subfield>
   <subfield code="w">2024-11-27</subfield>
   <subfield code="y">BK</subfield>
  </datafield>
  <datafield tag="952" ind1=" " ind2=" ">
   <subfield code="0">0</subfield>
   <subfield code="1">0</subfield>
   <subfield code="2">ddc</subfield>
   <subfield code="4">0</subfield>
   <subfield code="6">172_100000000000000_M312</subfield>
   <subfield code="7">0</subfield>
   <subfield code="9">29903</subfield>
   <subfield code="a">000001</subfield>
   <subfield code="b">000001</subfield>
   <subfield code="d">2024-11-27</subfield>
   <subfield code="o">172.1 M312</subfield>
   <subfield code="p">MD.23098</subfield>
   <subfield code="r">2024-11-27</subfield>
   <subfield code="v">30000.00</subfield>
   <subfield code="w">2024-11-27</subfield>
   <subfield code="y">BK</subfield>
  </datafield>
  <datafield tag="980" ind1=" " ind2=" ">
   <subfield code="a">Thư viện Trường Đại học Nam Cần Thơ</subfield>
  </datafield>
 </record>
</collection>
